Представление документа в формате MARC21

Поле Инд. ПП Название Значение
Тип записи a
Библиографический уровень m
001 Контрольный номер 6d2631f4-5fc9-4405-a76e-12931efa7340
005 Дата корректировки 20140703161827.9
008 Кодируемые данные 071211
020 a ISBN 978-5-89123-442-0
c Цена, тираж 150.00
040 a Служба первич. каталог. НБ ТвГУ
041 a Код языка текста rus
080 a Индекс УДК 32.001(100)(091)(075.8)
a Индекс УДК 34(091)(075.8)
084 a Индекс другой классификации/Индекс ББК Ф1(0)я73-1
090 x Авторский знак И90
a Полочн. индекс Ф1(0)
245 10 a Заглавие История политических и правовых учений
b Продолж. заглавия крат. учеб. курс
c Ответственность [В. Г. Графский и др.] ; под общ. ред. В. С. Нерсесянца ; Ин-т гос. и права РАН, Акад. прав. ун-т
260 0_ a Место издания Москва
b Издательство НОРМА
c Дата издания 2008
300 a Объем 338 с.
440 a Серия Краткие учебные курсы юридических наук
500 a Примечание Авт. указаны на обороте тит. л.
504 a Библиография Предм. указ.: с. 333-338.
583 a Действие Получение впервые 316 10.12.2007
k Исполнитель действия ООО "ТД Учкнига"
650 a Основная рубрика Политические учения
x Основная подрубрика История
x Основная подрубрика Учебники для вузов
650 a Основная рубрика Правовые учения
x Основная подрубрика История
653 a Ключевые слова История политических учений
a Ключевые слова Политические учения
a Ключевые слова Правовые учения
a Ключевые слова История правовых учений
700 1_ a Другие авторы Графский Владимир Георгиевич
e Роль лиц авт.
700 1_ a Другие авторы Золотухина Наталья Михайловна
e Роль лиц авт.
700 1_ a Другие авторы Мамут Леонид Соломонович
e Роль лиц авт.
700 1_ a Другие авторы Нерсесянц Владик Сумбатович
e Роль лиц авт., ред.
852 t Порядковый номер экземпляра 1
p Инвентарный номер 892828
852 t Порядковый номер экземпляра 1
p Инвентарный номер 892829
852 t Порядковый номер экземпляра 28
p Инвентарный номер 892830
p Инвентарный номер 892831
p Инвентарный номер 892832
p Инвентарный номер 892833
p Инвентарный номер 892834
p Инвентарный номер 892835
p Инвентарный номер 892836
p Инвентарный номер 892837
p Инвентарный номер 892838
p Инвентарный номер 892839
p Инвентарный номер 892840
p Инвентарный номер 892841
p Инвентарный номер 892842
p Инвентарный номер 892843
p Инвентарный номер 892844
p Инвентарный номер 892845
p Инвентарный номер 892846
p Инвентарный номер 892847
p Инвентарный номер 892848
p Инвентарный номер 892849
p Инвентарный номер 892850
p Инвентарный номер 892851
p Инвентарный номер 892852
p Инвентарный номер 892853
p Инвентарный номер 892854
p Инвентарный номер 892855
p Инвентарный номер 892856
p Инвентарный номер 892857
863 t 00202671
863 t 00202672
863 t 00202673
863 t 00202674
863 t 00202675
863 t 00202676
863 t 00202677
863 t 00202678
863 t 00202679
863 t 00202680
863 t 00202681
863 t 00202682
863 t 00202683
863 t 00202684
863 t 00202685
863 t 00202686
863 t 00202687
863 t 00202688
863 t 00202689
863 t 00202690
863 t 00202691
863 t 00202692
863 t 00202693
863 t 00202694
863 t 00202695
863 t 00202696
863 t 00202697
863 t 00202698
863 t 00202699
863 t 00202700
888 a За счет средств университета
930 a Новая/Ретро учебники
952 p 316.2007 150.00 1 892828
p 316.2007 150.00 1 892829
p 316.2007 150.00 1 892830
p 316.2007 150.00 1 892831
p 316.2007 150.00 1 892832
p 316.2007 150.00 1 892833
p 316.2007 150.00 1 892834
p 316.2007 150.00 1 892835
p 316.2007 150.00 1 892836
p 316.2007 150.00 1 892837
p 316.2007 150.00 1 892838
p 316.2007 150.00 1 892839
p 316.2007 150.00 1 892840
p 316.2007 150.00 1 892841
p 316.2007 150.00 1 892842
p 316.2007 150.00 1 892843
p 316.2007 150.00 1 892844
p 316.2007 150.00 1 892845
p 316.2007 150.00 1 892846
p 316.2007 150.00 1 892847
p 316.2007 150.00 1 892848
p 316.2007 150.00 1 892849
p 316.2007 150.00 1 892850
p 316.2007 150.00 1 892851
p 316.2007 150.00 1 892852
p 316.2007 150.00 1 892853
p 316.2007 150.00 1 892854
p 316.2007 150.00 1 892855
p 316.2007 150.00 1 892856
p 316.2007 150.00 1 892857
c Вид литературы К ру
954 a Дата поступления на обработку 20071221
999 a Подразделение 2 ч.з.
a Подразделение 2 аб.
a Подразделение 2 уч.о.